000 00849nam a22002417a 4500
003 UA-OsUOA
001 44203
007 ta
008 20100701b un ||||| |||| 00| 0 ukr d
100 _aБондарчук П. М.
090 _a27(477)
_bБ81
942 _cBK
040 _aUA-OsUOA
_bukr
_cUA-OsUOA
_dUA-OsUOA
245 _aРелігійність населення України у 40-80-х роках ХХ ст.: соціокультурні впливи, особливості, тенденції змін
300 _a381 с.
955 _a1
041 _aukr
080 _a27(477)
260 _aК.
_c2009
650 7 _a27 Загальна історія Християнської церкви
_2UDC
999 _c424117
_d424117